000 01658cam a2200457Mi 4500
999 _c5150
_d5150
001 ocn819204155
003 OCoLC
005 20200115173741.0
008 121017s2012 fr ab f b 000 0dfre d
016 7 _aFRBNF428003390000000
_2FrPBN
020 _a9782011461438
_q(br)
020 _a201146143X
_q(br)
029 0 _aZWZ
_b164802967
029 1 _aBDF
_bFRBNF428003390000000
035 _a(OCoLC)819204155
040 _aZWZ
_bfre
_encafnor
_cTZ-ArACH
043 _ae-fr---
049 _aTZAA
050 4 _aDC149
_b.W34 2012
082 0 4 _a944.04
_222
100 1 _aWahnich, Sophie,
_eAuteur.
245 1 3 _aRévolution française :
_h[Texte imprimé] :
_bun évènement de la raison sensible : 1787-1799 /
_cSophie Wahnich, ...
260 _aParis :
_bHachette supérieur,
_cimpr. 2012.
300 _a1 vol. (303 p.) :
_bcartes, couv. ill. en coul. ;
_c24 cm.
490 1 _aHU Histoire
504 _aBibliogr. en fin de chapitres.
611 2 7 _aRevolution (France : 1789-1799)
_2fast
648 7 _a1789-1799
_2fast
650 7 _aRévolution française (France ; 1789-1799)
_2rero
651 0 _aFrance
_xHistory
_yRevolution, 1789-1799
_vTextbooks.
651 4 _aFrance
_y1789-1799 (Révolution)
651 6 _aFrance
_xHistoire
_y1789-1799 (Révolution)
651 7 _aFrance.
_2fast
651 7 _aFrance
_y1789-1799 (Révolution)
_2ram
655 7 _aHistory.
_2fast
655 7 _aTextbooks.
_2fast
655 7 _a[Manuels d'enseignement supérieur]
_2rero
830 0 _aHU histoire université.
856 4 2 _3Notice et cote du catalogue de la Bibliothèque nationale de France
_uhttp://catalogue.bnf.fr/ark:/12148/cb428003390
942 _2lcc
_cBOOK